[Event "14th HZ Open"]
[Site "Vlissingen NED"]
[Date "2010.08.11"]
[Round "6"]
[White "Kuipers,S"]
[Black "De Wolf,J"]
[Result "1-0"]
[WhiteElo "2354"]
[BlackElo "2152"]
[EventDate "2010.08.07"]

1. e4 d5 2. exd5 Nf6 3. d4 Nxd5 4. Nf3 Bf5 5. Be2 e6 6. O-O c6 7. a3 h6 8.
c4 Nf6 9. Nc3 Be7 10. Be3 O-O 11. b4 Ne4 12. Nxe4 Bxe4 13. Nd2 Bh7 14. Nb3
Bd6 15. Bf3 Nd7 16. Na5 Rb8 17. d5 exd5 18. cxd5 c5 19. Nc4 Qc7 20. Nxd6
Qxd6 21. bxc5 Nxc5 22. g3 Nd3 23. Qb3 b6 24. Rfd1 Ne5 25. Bg2 Rbc8 26. Rac1
Bf5 27. h3 Bd7 28. Kh2 Rfe8 29. Bf4 g5 30. Be3 f6 31. f4 Ng6 32. fxg5 hxg5
33. Rc6 Qf8 34. Rxc8 Rxc8 35. d6+ Kh7 36. Qd3 Kh6 37. h4 Ne5 38. Qd2 Ba4
39. Bxg5+ Kg6 40. Rf1 1-0

[Event "14th HZ Open"]
[Site "Vlissingen NED"]
[Date "2010.08.11"]
[Round "6"]
[White "Bezemer,A"]
[Black "Meertens,Mart"]
[Result "1/2-1/2"]
[WhiteElo "2322"]
[BlackElo "2133"]
[EventDate "2010.08.07"]

1. e4 c5 2. Nf3 d6 3. d4 cxd4 4. Nxd4 Nf6 5. Nc3 e6 6. Be3 a6 7. Qd2 Be7 8.
f3 Qc7 9. O-O-O Nc6 10. g4 Nd7 11. Kb1 Nce5 12. Qe1 b5 13. g5 Nc4 14. Bc1
O-O 15. h4 Bb7 16. h5 Rfe8 17. Bh3 b4 18. Nce2 Nf8 19. g6 Bf6 20. gxh7+
Kxh7 21. Qxb4 Rab8 22. Qc3 Rec8 23. Qd3 Qb6 24. b3 a5 25. f4 Ba6 26. Qg3
Qc5 27. Rh2 a4 1/2-1/2

[Event "14th HZ Open"]
[Site "Vlissingen NED"]
[Date "2010.08.11"]
[Round "6"]
[White "Wahedi,A"]
[Black "Grochal,J"]
[Result "1-0"]
[WhiteElo "2295"]
[BlackElo "2124"]
[EventDate "2010.08.07"]

1. c4 e6 2. g3 Nf6 3. Bg2 d5 4. Nf3 Be7 5. O-O O-O 6. b3 c5 7. e3 b6 8. Bb2
Bb7 9. d3 Nc6 10. a3 Qc8 11. Qe2 Rd8 12. Nbd2 Ne8 13. e4 dxe4 14. dxe4 Qd7
15. Rfd1 Qd3 16. Qe1 Na5 17. Rac1 Qd7 18. Ne5 Qc7 19. Qe3 Nc6 20. f4 Nxe5
21. Bxe5 Qd7 22. Bf3 Bc6 23. Ba1 Qd3 24. Kf2 Qxe3+ 25. Kxe3 Rd7 26. Nb1
Rad8 27. Rxd7 Rxd7 28. Rd1 Rxd1 29. Bxd1 Nd6 30. Bc2 g5 31. Nd2 gxf4+ 32.
Kxf4 h6 33. h4 f6 34. e5 fxe5+ 35. Bxe5 Kf7 36. Bd1 a6 37. Bf3 Bxf3 38.
Kxf3 Nf5 39. Bc7 b5 40. cxb5 axb5 41. a4 c4 42. axb5 c3 43. Nc4 Nd4+ 44.
Ke4 c2 45. Bf4 Nxb3 46. b6 Bc5 47. b7 Ba7 48. Ne5+ Kg7 49. Nd3 c1=Q 50.
Bxc1 Nxc1 51. Nxc1 Kg6 52. g4 Bb8 53. Nd3 1-0

[Event "14th HZ Open"]
[Site "Vlissingen NED"]
[Date "2010.08.11"]
[Round "6"]
[White "Sandu,Mi"]
[Black "Rosmuller,A"]
[Result "1-0"]
[WhiteElo "2261"]
[BlackElo "2117"]
[EventDate "2010.08.07"]

1. e4 c6 2. c4 d5 3. exd5 cxd5 4. cxd5 Qxd5 5. Nc3 Qd8 6. Nf3 Nf6 7. Bc4 e6
8. O-O Be7 9. d4 O-O 10. Qe2 a6 11. Bb3 Nbd7 12. Bf4 Nb6 13. Rac1 Nbd5 14.
Bg3 Nxc3 15. bxc3 b5 16. a4 Qb6 17. Ne5 Bb7 18. Bh4 Rad8 19. axb5 axb5 20.
Bc2 b4 21. Rb1 Qa5 22. Bxf6 Bxf6 23. Rxb4 Qd5 24. f3 Bxe5 25. Qxe5 Qxe5 26.
dxe5 Bc6 27. Rd1 Rc8 28. c4 f6 29. exf6 gxf6 30. Rd6 Rfd8 31. Rxd8+ Rxd8
32. Rb6 Rc8 33. Kf2 Bd5 34. Bxh7+ 1-0

[Event "14th HZ Open"]
[Site "Vlissingen NED"]
[Date "2010.08.11"]
[Round "6"]
[White "Heltzel,J"]
[Black "Oosterom,E"]
[Result "1/2-1/2"]
[WhiteElo "2250"]
[BlackElo "2109"]
[EventDate "2010.08.07"]

1. Nf3 Nc6 2. d4 d5 3. Bf4 Bg4 4. e3 e6 5. h3 Bxf3 6. Qxf3 Bd6 7. c3 Qf6 8.
Nd2 Nge7 9. Bxd6 Qxf3 10. Nxf3 cxd6 11. O-O-O O-O 12. c4 Rfc8 13. Kb1 dxc4
14. Bxc4 Na5 15. Be2 Nd5 16. Rc1 Kf8 17. Nd2 Nb6 18. Rxc8+ Rxc8 19. Rc1
Rxc1+ 20. Kxc1 Ke7 21. Kc2 a6 22. a3 d5 23. b3 Nc6 24. Nf3 Nc8 25. Ne1 Nd6
26. Nd3 b6 27. Ne5 Nb8 28. g4 f6 29. Nd3 g5 30. f3 h6 31. Nb2 a5 32. Na4
Nd7 33. Nc3 f5 34. Kd3 Kf6 35. gxf5 Kxf5 36. e4+ Kf4 37. exd5 exd5 38.
Nxd5+ Kg3 39. f4 Kxh3 40. fxg5 hxg5 41. Ne3 Kg3 42. Nc4 Nxc4 43. Kxc4 Kf4
44. a4 g4 45. Bxg4 Kxg4 46. Kd5 Kf5 47. Kd6 Nf6 48. Kc6 Ke4 49. Kxb6 Kxd4
50. Kxa5 Kc5 51. b4+ Kc6 52. Ka6 Kc7 53. Ka7 Nd5 54. b5 Nb6 55. a5 Nc8+ 56.
Ka8 Nb6+ 57. Ka7 Nc8+ 58. Ka6 Nd6 59. b6+ 1/2-1/2

[Event "14th HZ Open"]
[Site "Vlissingen NED"]
[Date "2010.08.11"]
[Round "6"]
[White "Go,B"]
[Black "Nijs,N"]
[Result "1/2-1/2"]
[WhiteElo "2128"]
[BlackElo "2250"]
[EventDate "2010.08.07"]

1. e4 e6 2. Nf3 d5 3. e5 c5 4. b4 cxb4 5. a3 Nc6 6. axb4 Bxb4 7. c3 Be7 8.
d4 Bd7 9. Bd3 f5 10. exf6 Nxf6 11. Ng5 Qc7 12. Bxh7 O-O-O 13. Qc2 Nxh7 14.
Nxh7 Nxd4 15. Qd3 Nb3 16. Rxa7 Kb8 17. Be3 Qc4 18. Qxc4 dxc4 19. Ra2 e5 20.
Ng5 Rh5 21. Ne4 Bc6 22. f3 Bxe4 23. fxe4 Rd3 24. Bf2 Rh8 25. O-O Rf8 26.
Ra4 b5 27. Ra6 Rf6 28. Rxf6 Bxf6 29. Na3 Nd2 30. Ra1 Nxe4 31. Nxb5 Nxc3 32.
Na3 e4 33. Re1 Ne2+ 34. Rxe2 Rxa3 35. Bg3+ Kb7 36. Rxe4 c3 37. Rc4 Kb6 38.
Be1 Kb5 39. Rc8 Ra1 40. Kf2 Kb4 41. Ke2 Kb3 42. h4 Ra4 43. Kf3 Rc4 44. Rxc4
Kxc4 45. Bxc3 Kxc3 46. h5 Kd4 47. Kf4 Kd5 48. Kf5 Kd6 49. h6 Ke7 50. Kg6
gxh6 1/2-1/2

[Event "14th HZ Open"]
[Site "Vlissingen NED"]
[Date "2010.08.11"]
[Round "6"]
[White "Hoffman,Ro"]
[Black "Hoolt,S"]
[Result "1/2-1/2"]
[WhiteElo "2128"]
[BlackElo "2245"]
[EventDate "2010.08.07"]

1. d4 d5 2. c4 e6 3. Nf3 c6 4. Qc2 Nf6 5. g3 Nbd7 6. Nbd2 Bd6 7. b3 Qe7 8.
Bb2 e5 9. cxd5 Nxd5 10. a3 exd4 11. Nxd4 Ne5 12. Bg2 O-O 13. O-O Nf6 14. h3
Rd8 15. Ne4 Nxe4 16. Qxe4 Ng6 17. Qc2 Bd7 18. e3 Qg5 19. Rfd1 Qh5 20. Qe2
Qxe2 21. Nxe2 Be7 22. Kf1 Nf8 23. Ke1 Ne6 24. b4 f6 25. Rd2 Nc7 26. Rad1
Be6 27. Rxd8+ Rxd8 28. Rxd8+ Bxd8 29. Nf4 Bc4 30. Bf1 Bxf1 31. Kxf1 Kf7 32.
Ke2 Ne6 33. Nxe6 Kxe6 34. g4 g6 35. e4 a6 36. Kd3 Bc7 37. Bd4 Bf4 38. a4 b5
39. axb5 cxb5 40. Bc5 Bc7 41. Ke3 g5 42. Bd4 Be5 43. Bb6 Bd6 44. Ba5 Ke5
45. f3 h6 46. Kd3 Kf4 47. Kd4 Kxf3 48. Kd5 Be5 49. Bd8 Bc3 50. Be7 Kg3 51.
Ke6 Kxh3 52. Bxf6 Bxb4 53. Kf5 Kh4 54. e5 a5 55. e6 Bc5 1/2-1/2

[Event "14th HZ Open"]
[Site "Vlissingen NED"]
[Date "2010.08.11"]
[Round "6"]
[White "Haast,A"]
[Black "Van Eijndhoven,E"]
[Result "1-0"]
[WhiteElo "2240"]
[BlackElo "2063"]
[EventDate "2010.08.07"]

1. e4 e6 2. d4 d5 3. Nc3 Bb4 4. e5 c5 5. a3 Bxc3+ 6. bxc3 Qa5 7. Bd2 Qa4 8.
Qg4 g6 9. Qd1 b6 10. c4 Ne7 11. Nf3 Nbc6 12. cxd5 exd5 13. c4 Qxd1+ 14.
Rxd1 Bg4 15. cxd5 Nxd5 16. dxc5 O-O 17. Bc4 Bxf3 18. gxf3 Rfe8 19. Bxd5
Rxe5+ 20. Be3 1-0

[Event "14th HZ Open"]
[Site "Vlissingen NED"]
[Date "2010.08.11"]
[Round "6"]
[White "Willemsma,A"]
[Black "In 't Veld,D"]
[Result "1/2-1/2"]
[WhiteElo "2075"]
[BlackElo "2205"]
[EventDate "2010.08.07"]

1. e4 c5 2. Nf3 a6 3. d4 cxd4 4. Nxd4 Nf6 5. Nc3 e5 6. Nde2 Bc5 7. Ng3 d6
8. Be2 O-O 9. O-O h6 10. h3 Be6 11. Nd5 Nbd7 12. Be3 Bxd5 13. Bxc5 Nxc5 14.
exd5 Qd7 15. b4 Nce4 16. Nxe4 Nxe4 17. c4 f5 18. Bd3 Nf6 19. Rc1 Rfc8 20.
Bb1 Rc7 21. Qb3 Rac8 22. Rc2 Kh8 23. Rfc1 e4 24. Qe3 Qe7 25. Qf4 b5 26.
cxb5 axb5 27. Qxf5 Rxc2 28. Rxc2 Rxc2 29. Bxc2 e3 30. fxe3 Qxe3+ 31. Kh2
Qd4 32. Qc8+ Ng8 33. Qf5 Nf6 1/2-1/2

[Event "14th HZ Open"]
[Site "Vlissingen NED"]
[Date "2010.08.11"]
[Round "6"]
[White "Kuijpers,J"]
[Black "Kuling,L"]
[Result "0-1"]
[WhiteElo "1949"]
[BlackElo "2208"]
[EventDate "2010.08.07"]

1. b3 e5 2. Bb2 Nc6 3. e3 Nf6 4. c4 g6 5. Nc3 Bg7 6. Nge2 O-O 7. Ng3 d5 8.
cxd5 Nxd5 9. Be2 Be6 10. Nxd5 Bxd5 11. O-O Qe7 12. e4 Be6 13. f4 exf4 14.
Bxg7 Kxg7 15. Rxf4 Rad8 16. Qc1 Qd6 17. d3 Kg8 18. Kh1 Qe5 19. Rf1 Rd7 20.
Qe3 Nd4 21. Rad1 f5 22. Qg5 Qf6 23. Qxf6 Rxf6 24. exf5 Nxe2 25. Nxe2 Rxf5
26. Rxf5 Bxf5 27. Nc1 Rd6 28. Kg1 Rc6 29. Kf2 Rc2+ 30. Ke3 Rxg2 31. Rd2
Rxd2 32. Kxd2 Kf7 33. Ne2 g5 34. Ke3 Kf6 35. a3 g4 36. d4 Kg5 37. Ng1 Be6
38. b4 Bc4 39. Ke4 h5 40. Ke5 c6 41. Ke4 Kf6 42. Kf4 Bf1 43. a4 b6 44. Ke4
a6 45. a5 bxa5 46. bxa5 Ke6 47. Ke3 Kd5 48. Kf2 Bb5 49. Ke3 Bc4 50. h3 Bf1
51. hxg4 hxg4 52. Kf2 Bc4 53. Kg3 Kxd4 54. Kxg4 Ke3 55. Kg3 Bd5 56. Nh3 c5
57. Nf4 Be4 0-1

[Event "14th HZ Open"]
[Site "Vlissingen NED"]
[Date "2010.08.11"]
[Round "6"]
[White "Van den Berg,Ad"]
[Black "Van de Groep,W"]
[Result "1/2-1/2"]
[WhiteElo "2207"]
[BlackElo "1970"]
[EventDate "2010.08.07"]

1. e4 e6 2. d4 d5 3. Nc3 Nf6 4. e5 Nfd7 5. f4 c5 6. Nf3 Nc6 7. Ne2 Qb6 8.
c3 cxd4 9. Nexd4 Bc5 10. Be2 Nxd4 11. cxd4 Be7 12. O-O f6 13. Kh1 O-O 14.
Bd3 f5 15. h3 Rf7 16. g4 Nf8 17. Qe2 Bd7 18. Be3 a6 19. a4 Rc8 20. Rg1 Ng6
21. gxf5 exf5 22. Ng5 Bxg5 23. Rxg5 Nf8 24. Kh2 g6 25. Rg3 Rg7 26. h4 Qd8
27. Rh3 Qe7 28. Qg2 Be6 29. Bd2 Bf7 30. Bc3 Ne6 31. Qd2 Qd8 32. a5 Be8 33.
Be2 Rgc7 34. Bf3 Rg7 35. Kg3 Bc6 36. Rhh1 h6 37. Qh2 Qd7 38. Kf2 Qe7 39.
Ke3 Qd7 40. Rac1 Kh7 41. Bb4 Qd8 42. Qh3 Nxf4 43. Kxf4 g5+ 44. Ke3 g4 45.
Qg3 gxf3 46. Qxf3 Qd7 47. Rcf1 Rf7 48. Qf4 Qe6 49. Rhg1 Rg8 50. Rxg8 Kxg8
51. Kd2 Bd7 52. Rg1+ Rg7 53. Rxg7+ Kxg7 54. Bd6 Qg6 55. e6 Qg2+ 56. Kc3
Bxe6 57. Qe5+ Kf7 58. Qh8 Qg7 59. Qd8 Kg6 60. Be5 Qf7 61. Bf4 Qg8 62. Qd6
Qc8+ 63. Kd2 Qg8 64. Be3 Kf7 65. Bxh6 Kg6 1/2-1/2

[Event "14th HZ Open"]
[Site "Vlissingen NED"]
[Date "2010.08.11"]
[Round "6"]
[White "Soubirou,O"]
[Black "Provoost,S"]
[Result "0-1"]
[WhiteElo "2034"]
[BlackElo "2255"]
[EventDate "2010.08.07"]

1. d4 Nf6 2. c4 g6 3. Nc3 Bg7 4. e4 d6 5. h3 O-O 6. Bg5 Na6 7. Bd3 h6 8.
Be3 e5 9. d5 Nh5 10. Qd2 Kh7 11. g4 Nf6 12. Nge2 Nc5 13. Bc2 a5 14. Ng3 Ng8
15. O-O-O Bf6 16. Rdg1 Bg5 17. h4 Bxe3 18. Qxe3 Bxg4 19. f4 Qf6 20. f5 h5
21. Qg5 Qg7 22. Kb1 Qh6 23. Nd1 Nd7 24. Ne3 Ndf6 25. Bd1 Bxd1 26. Rxd1 Kh8
27. Rdg1 Nh7 28. Qxh6 Nxh6 29. Ne2 Kg7 30. c5 Nf6 31. Nc3 dxc5 32. Nc4 Nhg4
33. Nb5 Nxe4 34. Rh3 c6 35. dxc6 bxc6 36. Nba3 Rfd8 37. fxg6 f5 38. Rb3
Rab8 39. Rxb8 Rxb8 40. Nxa5 f4 41. Nxc6 Rb6 42. Ne7 f3 43. Nc4 f2 44. Rh1
Re6 45. Nf5+ Kxg6 46. Nfe3 Ng3 47. Rd1 Rf6 48. a4 Nxe3 49. Nxe3 Rf3 50. Nf1
Nxf1 51. Rxf1 Kf5 52. Kc2 Kg4 0-1

[Event "14th HZ Open"]
[Site "Vlissingen NED"]
[Date "2010.08.11"]
[Round "6"]
[White "Laarhoven,T"]
[Black "Oud,N"]
[Result "1-0"]
[WhiteElo "2223"]
[BlackElo "2049"]
[EventDate "2010.08.07"]

1. e4 c5 2. Nf3 Nc6 3. d4 cxd4 4. Nxd4 Nf6 5. Nc3 d6 6. Bg5 e6 7. Qd2 a6 8.
O-O-O h6 9. Bf4 Bd7 10. Nxc6 Bxc6 11. f3 Qa5 12. Bxd6 O-O-O 13. Qf4 Rxd6
14. Rxd6 e5 15. Qf5+ Bd7 16. Rxd7 Nxd7 17. Bc4 Bb4 18. Rd1 Rd8 19. Nd5 b5
20. Nxb4 1-0

[Event "14th HZ Open"]
[Site "Vlissingen NED"]
[Date "2010.08.11"]
[Round "6"]
[White "Verstraeten,R"]
[Black "Admiraal,M"]
[Result "0-1"]
[WhiteElo "2011"]
[BlackElo "2221"]
[EventDate "2010.08.07"]

1. e4 d6 2. d4 Nf6 3. Nc3 g6 4. f4 Bg7 5. Nf3 O-O 6. Bd3 Na6 7. O-O c5 8.
e5 Nd7 9. exd6 exd6 10. dxc5 Ndxc5 11. Bc4 Nb4 12. a3 Nc6 13. Nd5 Bf5 14.
Rb1 Rc8 15. Ne3 Qd7 16. Nxf5 Qxf5 17. b4 Ne4 18. Bd3 d5 19. Kh1 Qh5 20.
Bxe4 dxe4 21. Ng5 Qxd1 22. Rxd1 Rfd8 23. Be3 h6 24. Nh3 Nd4 25. Rbc1 Rc3
26. Bxd4 Rxd4 27. Nf2 f5 28. Kg1 Rxd1+ 29. Nxd1 Rxa3 30. Kf1 Kf7 31. Ke2
Bd4 32. Rb1 Bg1 33. h3 Bh2 34. Ne3 Bxf4 35. Nd5 Be5 36. c4 Ra2+ 37. Kf1 Rc2
38. Ne3 Rc3 39. Ke2 Bd4 0-1

[Event "14th HZ Open"]
[Site "Vlissingen NED"]
[Date "2010.08.11"]
[Round "6"]
[White "Duchene,R"]
[Black "Van Rij,G"]
[Result "1-0"]
[WhiteElo "2204"]
[BlackElo "2043"]
[EventDate "2010.08.07"]

1. c4 f5 2. g3 Nf6 3. Bg2 g6 4. Nc3 Bg7 5. d3 d6 6. e3 a5 7. Nge2 O-O 8.
O-O c6 9. Rb1 e5 10. a3 g5 11. f4 h6 12. b3 Na6 13. Qd2 Nc5 14. b4 axb4 15.
axb4 Na6 16. b5 cxb5 17. Rxb5 exf4 18. exf4 gxf4 19. Nxf4 Nc5 20. Ncd5 Re8
21. Kh1 Bd7 22. Rb1 Qa5 23. Nxf6+ Bxf6 24. Qd1 Qa2 25. Rxb7 Nxb7 26. Bxb7
Qa4 27. Bd5+ Kh7 28. Qh5 Rg8 29. Qf7+ Bg7 30. Qg6+ Kh8 31. Bb2 1-0

[Event "14th HZ Open"]
[Site "Vlissingen NED"]
[Date "2010.08.11"]
[Round "6"]
[White "Dek,L"]
[Black "Roggeveen,W"]
[Result "1-0"]
[WhiteElo "2199"]
[BlackElo "2008"]
[EventDate "2010.08.07"]

1. e4 e6 2. d4 d5 3. e5 c5 4. c3 Nc6 5. Nf3 Qb6 6. a3 a5 7. Bd3 Bd7 8. Bc2
h5 9. O-O Nh6 10. Ra2 cxd4 11. cxd4 Rc8 12. Nc3 Be7 13. Be3 g5 14. Nxg5
Bxg5 15. Bxg5 Qxd4 16. Bf6 Rg8 17. Nb5 Qf4 18. Qxh5 Nd4 19. Nd6+ Kf8 20.
Nxc8 Bxc8 21. Bd1 Nhf5 22. Qh3 Qe4 23. Ra1 b6 24. Rc1 Ba6 25. Rc7 Ke8 26.
Ba4+ b5 27. Bd1 a4 28. Ra7 Bc8 29. Bh5 Nh6 30. Rc1 Nc6 31. Rc7 1-0

[Event "14th HZ Open"]
[Site "Vlissingen NED"]
[Date "2010.08.11"]
[Round "6"]
[White "Lacrosse,M"]
[Black "Bjornes,L"]
[Result "1-0"]
[WhiteElo "2193"]
[BlackElo "1977"]
[EventDate "2010.08.07"]

1. d4 d5 2. c4 c6 3. Nf3 Nf6 4. Nc3 a6 5. cxd5 cxd5 6. Bf4 Nc6 7. Rc1 e6 8.
e3 Bd6 9. Bg3 O-O 10. Bd3 Re8 11. Ne5 Ne4 12. Nxc6 bxc6 13. Nxe4 dxe4 14.
Bxe4 Bb4+ 15. Kf1 Bd7 16. a3 Be7 17. Qc2 f5 18. Bd3 Qb6 19. Ke2 Bf6 20.
Rhd1 e5 21. dxe5 Bxe5 22. Bc4+ Be6 23. Bxe5 1-0

[Event "14th HZ Open"]
[Site "Vlissingen NED"]
[Date "2010.08.11"]
[Round "6"]
[White "Vroombout,E"]
[Black "Sparreboom,W"]
[Result "1/2-1/2"]
[WhiteElo "2170"]
[BlackElo "1974"]
[EventDate "2010.08.07"]

1. e4 e6 2. d4 d5 3. Nc3 Nf6 4. e5 Nfd7 5. f4 c5 6. Nf3 Nc6 7. Be3 a6 8.
Qd2 b5 9. g3 Bb7 10. Bh3 Qc7 11. O-O cxd4 12. Nxd4 Nxd4 13. Bxd4 Bc5 14.
Ne2 O-O-O 15. c3 Kb8 16. a4 bxa4 17. Rxa4 g5 18. Rfa1 Nb6 19. R4a2 Nc4 20.
Qd3 gxf4 21. gxf4 Qe7 22. b3 Na3 23. Rxa3 Bxa3 24. b4 Bxb4 25. cxb4 Qxb4
26. f5 Rhg8+ 27. Kh1 Qc4 28. Qe3 Qc2 29. fxe6 Qe4+ 30. Qxe4 dxe4 31. Rb1
fxe6 32. Bxe6 Rg7 33. Bf5 e3+ 34. Rxb7+ Kxb7 35. e6 Rxd4 36. Nxd4 Kc7 37.
Bd3 Re7 1/2-1/2

[Event "14th HZ Open"]
[Site "Vlissingen NED"]
[Date "2010.08.11"]
[Round "6"]
[White "Wittenberg,A"]
[Black "Van de Braak,Joey"]
[Result "1-0"]
[WhiteElo "2143"]
[BlackElo "1937"]
[EventDate "2010.08.07"]

1. d4 Nf6 2. Nf3 g6 3. g3 Bg7 4. Bg2 O-O 5. O-O d6 6. b3 Nbd7 7. Bb2 c6 8.
Re1 Qc7 9. Nbd2 e5 10. e4 Re8 11. a4 exd4 12. Bxd4 Ne5 13. Qc1 Nxf3+ 14.
Bxf3 Ng4 15. Bxg7 Kxg7 16. Qb2+ Ne5 17. Bg2 f6 18. h3 Be6 19. f4 Nd7 20.
Nf3 Rad8 21. Kh2 Bf7 22. Qd4 a5 23. Rad1 Nb6 24. Qc3 Nc8 25. e5 fxe5 26.
fxe5 Kg8 27. exd6 Nxd6 28. Ne5 Be6 29. Bd5 Bxd5 30. Rxd5 Nf7 31. Ng4 Rxe1
32. Rxd8+ Qxd8 33. Qxe1 Qd4 34. c3 Qd6 35. Qe3 Kg7 36. Nf2 Ne5 37. Ne4 Qd1
38. Nd2 Kf7 39. Kg2 h5 40. b4 axb4 41. cxb4 Qc2 42. Qb3+ Qxb3 43. Nxb3 Nd3
44. Na5 Nb2 45. Nxb7 Nxa4 46. Nd8+ Kf6 47. Nxc6 g5 48. Kf3 Kf5 49. Ke3 g4
50. h4 Nc3 51. Ne7+ Kf6 52. Kd3 Na4 53. Nd5+ 1-0

[Event "14th HZ Open"]
[Site "Vlissingen NED"]
[Date "2010.08.11"]
[Round "6"]
[White "Foo,Be"]
[Black "Verbruggen,S"]
[Result "1-0"]
[WhiteElo "2112"]
[BlackElo "1868"]
[EventDate "2010.08.07"]

1. e4 c5 2. Nf3 d6 3. d4 cxd4 4. Qxd4 Bd7 5. Be3 Nc6 6. Qd2 Nf6 7. Nc3 g6
8. Bc4 Bg7 9. Bh6 O-O 10. O-O-O Na5 11. Be2 Rc8 12. Bxg7 Kxg7 13. h4 h5 14.
Nd4 Nc4 15. Bxc4 Rxc4 16. f3 b5 17. Kb1 Qb6 18. g4 Rfc8 19. g5 Ne8 20. Nd5
Qd8 21. Ne3 Ra4 22. f4 Qa5 23. Qxa5 Rxa5 24. f5 b4 25. Nd5 gxf5 26. Nxe7
fxe4 27. Nxc8 Bxc8 28. Nc6 Rc5 29. Nxb4 Bg4 30. Rd5 Rc4 31. c3 e3 32. Rd4
Rxd4 33. cxd4 f5 34. Nd3 Nc7 35. Nf4 Nb5 36. Re1 Nxd4 37. Rxe3 Nf3 38. Re7+
Kf8 39. Ng6+ Kg8 40. Rxa7 Ne5 41. Nxe5 dxe5 42. Re7 e4 43. Kc1 Kf8 44. Re5
Kf7 45. Kd2 1-0

[Event "14th HZ Open"]
[Site "Vlissingen NED"]
[Date "2010.08.11"]
[Round "6"]
[White "Van Overdam,Ju"]
[Black "Verhoef,Ha"]
[Result "1-0"]
[WhiteElo "2102"]
[BlackElo "1930"]
[EventDate "2010.08.07"]

1. e4 c5 2. Nc3 g6 3. f4 Bg7 4. Nf3 Nc6 5. Bb5 Nd4 6. O-O e6 7. e5 a6 8.
Bd3 d5 9. Nxd4 cxd4 10. Ne2 Qb6 11. b3 Ne7 12. Qe1 Nc6 13. Bb2 Bf8 14. a3
a5 15. Qf2 Bc5 16. Kh1 h5 17. Ng1 Kf8 18. Nf3 Kg7 19. Rg1 Bd7 20. g3 Rag8
21. h3 Kf8 22. Kg2 Rh7 23. Rab1 Ke7 24. Kf1 Rb8 25. Ra1 Rhh8 26. Ke2 Ra8
27. Rh1 Rh7 28. Rhg1 Rah8 29. Rgb1 Rb8 30. Qg1 Ra8 31. b4 axb4 32. axb4
Rxa1 33. Bxa1 Nxb4 34. Bxd4 Bxd4 35. Nxd4 Qa5 36. Nb3 Qc7 37. Qc5+ Qxc5 38.
Nxc5 Nxd3 39. Kxd3 b5 40. Nxd7 Kxd7 41. Rxb5 Kc7 42. Ra5 Kb7 43. c3 Rh8 44.
Ra1 Rc8 45. Ke3 Rc4 46. Kf3 Kb6 47. Ra8 Rc7 48. g4 hxg4+ 49. hxg4 Kb5 50.
Rd8 Kc4 51. Ke3 Kb3 52. Kd3 Kb2 53. Rb8+ Kc1 54. Rb4 Rd7 55. f5 exf5 56.
gxf5 Re7 57. fxg6 fxg6 58. Rg4 Rxe5 59. Rg1+ Kb2 60. Rxg6 Kb3 61. Rb6+ Ka4
62. Kd4 Rh5 63. d3 Ka5 64. Rb1 Ka6 65. Kc5 Ka7 66. Rb4 Rg5 67. Rd4 1-0

[Event "14th HZ Open"]
[Site "Vlissingen NED"]
[Date "2010.08.11"]
[Round "6"]
[White "Dijkstra,A"]
[Black "Koch,Ma"]
[Result "1-0"]
[WhiteElo "1941"]
[BlackElo "2081"]
[EventDate "2010.08.07"]

1. e4 c5 2. Nf3 d6 3. d4 cxd4 4. Nxd4 Nf6 5. Nc3 a6 6. Be2 e6 7. Be3 b5 8.
Bf3 e5 9. Nb3 Bb7 10. Bg5 Be7 11. O-O Nbd7 12. a3 Rc8 13. Qe2 Qc7 14. Bg4
Nxg4 15. Bxe7 Ngf6 16. Bxf6 Nxf6 17. Rfd1 O-O 18. Nd2 Rfd8 19. Nf1 d5 20.
exd5 Nxd5 21. Nxd5 Bxd5 22. Ne3 Bb7 23. Qg4 g6 24. Qg5 Rd4 25. Ng4 Qd6 26.
Re1 e4 27. c3 Rc5 28. Qf6 1-0

[Event "14th HZ Open"]
[Site "Vlissingen NED"]
[Date "2010.08.11"]
[Round "6"]
[White "Warnk,T"]
[Black "Stange,W"]
[Result "1/2-1/2"]
[WhiteElo "1939"]
[BlackElo "2072"]
[EventDate "2010.08.07"]

1. d4 Nf6 2. Nf3 g6 3. c4 Bg7 4. Nc3 O-O 5. Bf4 d6 6. e3 Nh5 7. Bg5 h6 8.
Bh4 c6 9. Be2 Qc7 10. O-O f5 11. Nd2 Nf6 12. Bg3 a5 13. Qb3 Be6 14. Rac1
Nbd7 15. Qc2 Rfc8 16. c5 Bf8 17. b3 Qd8 18. cxd6 exd6 19. e4 Qe8 20. Bd3
fxe4 21. Ndxe4 Kh7 22. Bxd6 Nd5 23. Bxf8 Qxf8 24. Nc5 Nxc5 25. Bxg6+ Kg7
26. Nxd5 Bxd5 27. dxc5 Qf4 28. Qf5 Rf8 29. Qxf4 Rxf4 30. Bb1 a4 31. Rc3
axb3 32. axb3 Ra3 33. Bc2 Kf6 34. f3 h5 35. Re3 Ra5 36. Rc3 Ke5 37. Rd1 Rd4
38. Re3+ Kf4 39. Kf2 Rxd1 40. g3+ Kg5 41. h4+ Kf6 42. Bxd1 Rxc5 43. g4 hxg4
44. fxg4 Rc1 45. Bf3 Rc5 46. Bxd5 Rxd5 47. Kf3 Rb5 48. Kg3 Rc5 49. Rf3+ Kg6
50. Rd3 Rb5 51. Re3 Rb4 52. Rf3 Rb5 53. Kf2 Rb4 54. Rg3 c5 55. Ke2 c4 56.
bxc4 Rxc4 57. Kf2 b5 58. Rg1 b4 59. Re1 b3 60. h5+ Kf6 61. Rd1 Rb4 62. h6
b2 63. g5+ Kxg5 64. h7 Rh4 65. Rg1+ Kf6 66. Rb1 Rxh7 1/2-1/2

[Event "14th HZ Open"]
[Site "Vlissingen NED"]
[Date "2010.08.11"]
[Round "6"]
[White "Swijsen,L"]
[Black "Kahleys,K"]
[Result "1/2-1/2"]
[WhiteElo "1922"]
[BlackElo "2071"]
[EventDate "2010.08.07"]

1. e4 e6 2. d4 d5 3. e5 c5 4. c3 Qb6 5. Nf3 Nc6 6. Be2 cxd4 7. cxd4 Nh6 8.
Nc3 Nf5 9. Na4 Bb4+ 10. Bd2 Qa5 11. Bc3 Bxc3+ 12. Nxc3 Qb6 13. Bb5 O-O 14.
Bxc6 Qxb2 15. Na4 Qb4+ 16. Qd2 Qxd2+ 17. Kxd2 bxc6 18. Nc5 Rb8 19. Rhb1 Rb5
20. Rxb5 cxb5 21. a4 bxa4 22. Rxa4 a6 23. Nxa6 Bxa6 24. Rxa6 Ne7 25. h4
1/2-1/2

[Event "14th HZ Open"]
[Site "Vlissingen NED"]
[Date "2010.08.11"]
[Round "6"]
[White "Ijzermans,Cees"]
[Black "Zomer,K"]
[Result "0-1"]
[WhiteElo "1912"]
[BlackElo "2061"]
[EventDate "2010.08.07"]

1. e4 c5 2. Nf3 Nc6 3. Bb5 e6 4. O-O Nge7 5. c3 a6 6. Be2 d5 7. exd5 Qxd5
8. d4 Nf5 9. c4 Qd6 10. d5 Ncd4 11. Nxd4 Nxd4 12. Nc3 Be7 13. Be3 Nf5 14.
Qd2 Nxe3 15. Qxe3 O-O 16. Rad1 f5 17. f4 Bf6 18. Na4 Bd4 19. Rxd4 cxd4 20.
Qxd4 exd5 21. Nb6 Rb8 22. cxd5 Bd7 23. Nc4 Qf6 24. Ne5 Rfd8 25. Rc1 b5 26.
Bf3 Be8 27. Rc7 Qb6 28. Qxb6 Rxb6 29. Kf2 Rbd6 30. Rc5 Bf7 31. Nxf7 Kxf7
32. Ke3 Ke7 33. Kd4 Kd7 34. h3 Re8 35. Rc1 g6 36. b4 h5 37. g4 hxg4 38.
hxg4 Rh8 39. gxf5 gxf5 40. Ke5 Rh3 41. Rc3 Rg3 42. a3 Rh3 43. Kxf5 Rxd5+
44. Ke4 Kd6 45. Ke3 Rd1 46. f5 Ke5 47. Rc5+ Kf6 48. Kf4 Rd4+ 49. Ke3 Rc4
50. Ke2 Rxc5 51. bxc5 Kxf5 52. c6 Rh2+ 53. Ke3 Ke6 54. c7 Kd7 55. Bb7 Kxc7
56. Bxa6 Kb6 57. Bc8 Ra2 58. Kd3 Rxa3+ 59. Kc2 Rg3 60. Be6 Kc5 61. Kb2 Kb4
62. Bd5 Rh3 63. Bf7 Rh2+ 64. Kb1 Kc3 0-1

[Event "14th HZ Open"]
[Site "Vlissingen NED"]
[Date "2010.08.11"]
[Round "6"]
[White "Ducarmon,R"]
[Black "Van der Borgt,P"]
[Result "0-1"]
[WhiteElo "1910"]
[BlackElo "2059"]
[EventDate "2010.08.07"]

1. e4 c5 2. Nc3 Nc6 3. f4 g6 4. Bc4 Bg7 5. Nf3 e6 6. f5 Ne5 7. Nxe5 Bxe5 8.
Qf3 gxf5 9. O-O Qh4 10. g3 Qg4 11. Qxg4 fxg4 12. d3 a6 13. a4 Ne7 14. Bf4
Ng6 15. Be3 d6 16. Rf2 h5 17. Ne2 h4 18. c3 hxg3 19. hxg3 Rh3 20. Rh2 Rxh2
21. Kxh2 Bd7 22. d4 cxd4 23. cxd4 Bg7 24. Nf4 Nxf4 25. gxf4 f5 26. d5 Ke7
27. dxe6 Bxe6 28. Bxe6 Kxe6 29. exf5+ Kxf5 30. Rd1 Re8 31. Bf2 Re2 32. Kg3
Rxb2 33. Rxd6 Rb3+ 34. Kg2 Kxf4 35. Rd7 Bf6 36. Rf7 Kg5 37. a5 Bc3 38. Rc7
Be5 39. Re7 Kf6 40. Bh4+ Kf5 41. Rf7+ Ke4 0-1